[Event "Wch U20 Girls 35th"]
[Site "Tarvisio"]
[Date "2017.11.22"]
[Round "9"]
[White "Janzelj, Lara"]
[Black "Choladze, Mariam"]
[Result "1-0"]
[WhiteElo "2192"]
[BlackElo "2112"]
[PlyCount "77"]
[EventDate "2017.11.13"]
[EventType "swiss"]
[EventRounds "11"]
[EventCountry "ITA"]
[SourceTitle "CBM 181 Extra"]
[Source "ChessBase"]
[SourceDate "2017.12.12"]
[SourceVersion "1"]
[SourceVersionDate "2017.12.12"]
[SourceQuality "1"]

1. d4 Nf6 2. c4 e6 3. g3 d5 4. Bg2 Be7 5. Nf3 0-0 6. 0-0 dxc4 7. Qc2 a6 8. a4 Nbd7 9. Nbd2 Rb8 10. Nxc4 c5 11. Bf4 Ra8 12. dxc5 Bxc5 13. Rad1 Qe7 14. Nfe5 Nxe5 15. Bxe5 Ng4 16. Bc3 Qc7 17. e3 Rb8 18. a5 Bd7 19. Qe2 f5 20. h3 Nxe3 21. Rxd7 Qxd7 22. Nxe3 Rbe8 23. Nc4 f4 24. Rd1 Qe7 25. Kh2 fxg3+ 26. fxg3 Rf2 27. Qe4 Ref8 28. Bd4 Bxd4 29. Rxd4 Qf6 30. Rd7 h5 31. h4 Rc8 32. b3 Rf8 33. Rxb7 Qa1 34. Ne3 Qe1 35. Qxe6+ Kh8 36. Qg6 Rxg2+ 37. Nxg2 Qe5 38. b4 Rf6 39. Qxg7# 1-0

[Event "Wch U20 Girls 35th"]
[Site "Tarvisio"]
[Date "2017.11.16"]
[Round "4"]
[White "Terbe, Julianna"]
[Black "Choladze, Mariam"]
[Result "1-0"]
[WhiteElo "2263"]
[BlackElo "2112"]
[PlyCount "71"]
[EventDate "2017.11.13"]
[EventType "swiss"]
[EventRounds "11"]
[EventCountry "ITA"]
[SourceTitle "CBM 181 Extra"]
[Source "ChessBase"]
[SourceDate "2017.12.12"]
[SourceVersion "1"]
[SourceVersionDate "2017.12.12"]
[SourceQuality "1"]

1. Nf3 Nf6 2. c4 e6 3. g3 d5 4. Bg2 dxc4 5. Qa4+ Bd7 6. Qxc4 c5 7. Ne5 Qc8 8. 0-0 Nc6 9. Nxd7 Qxd7 10. Nc3 Be7 11. Qa4 0-0 12. d3 Rfc8 13. Be3 a6 14. Rfc1 b5 15. Qd1 Rab8 16. Ne4 Nxe4 17. Bxe4 Nb4 18. a3 Nd5 19. Bd2 Bf6 20. Rc2 c4 21. Rac1 Bxb2 22. Rxb2 c3 23. Rbc2 cxd2 24. Qxd2 Rxc2 25. Qxc2 a5 26. Bxd5 exd5 27. Qb3 g6 28. Rc5 Qe7 29. Rxd5 b4 30. Rxa5 Qxe2 31. axb4 Qe1+ 32. Kg2 Rxb4 33. Qd5 Rb2 34. Qd8+ Kg7 35. Qd4+ Kh6 36. Rh5+ 1-0

[Event "Wch U20 Girls 35th"]
[Site "Tarvisio"]
[Date "2017.11.13"]
[Round "1"]
[White "Choladze, Mariam"]
[Black "Mammadzada, Gunay Vuqar Qizi"]
[Result "1-0"]
[WhiteElo "2112"]
[BlackElo "2393"]
[PlyCount "89"]
[EventDate "2017.11.13"]
[EventType "swiss"]
[EventRounds "11"]
[EventCountry "ITA"]
[SourceTitle "CBM 181 Extra"]
[Source "ChessBase"]
[SourceDate "2017.12.12"]
[SourceVersion "1"]
[SourceVersionDate "2017.12.12"]
[SourceQuality "1"]

1. e4 c5 2. Nf3 d6 3. d4 cxd4 4. Nxd4 Nf6 5. Nc3 a6 6. h3 e5 7. Nde2 h5 8. g3 Be6 9. Bg2 Nbd7 10. 0-0 Rc8 11. Be3 Be7 12. a4 Qc7 13. a5 0-0 14. b3 Rfe8 15. f4 Nf8 16. f5 Bd7 17. Bb6 Qb8 18. Nd5 Bc6 19. Nec3 Bxd5 20. Nxd5 Nxd5 21. exd5 Nh7 22. Bf3 h4 23. gxh4 Bxh4 24. c4 e4 25. Bg4 Nf6 26. Bd4 Qc7 27. Ra2 Qe7 28. Rg2 e3 29. Be2 Qe4 30. Rf3 Bf2+ 31. Kf1 Kf8 32. Rg5 Qh4 33. Bxf6 gxf6 34. Rg4 Qh6 35. Qd4 Rc7 36. Qb6 Rd7 37. Kg2 Be1 38. c5 Rc8 39. c6 bxc6 40. Bxa6 Re8 41. dxc6 Rde7 42. Be2 Re5 43. c7 Bxa5 44. Qxd6+ R5e7 45. Rfg3 1-0

[Event "Poti op 12th"]
[Site "Poti"]
[Date "2017.07.16"]
[Round "3"]
[White "Choladze, Mariam"]
[Black "Galoyan, Levon"]
[Result "0-1"]
[WhiteElo "2077"]
[BlackElo "2257"]
[PlyCount "66"]
[EventDate "2017.07.14"]
[EventType "swiss"]
[EventRounds "9"]
[EventCountry "GEO"]
[SourceTitle "CBM 179 Extra"]
[Source "ChessBase"]
[SourceDate "2017.08.23"]
[SourceVersion "1"]
[SourceVersionDate "2017.08.23"]
[SourceQuality "1"]

1. e4 c5 2. Nf3 d6 3. d4 cxd4 4. Nxd4 Nf6 5. Nc3 a6 6. h3 e5 7. Nde2 h5 8. Bg5 Be7 9. Bxf6 Bxf6 10. Nd5 Bg5 11. Nec3 Nc6 12. a4 Be6 13. Be2 g6 14. 0-0 0-0 15. f4 exf4 16. Nxf4 Qb6+ 17. Kh1 Bxf4 18. Rxf4 Qxb2 19. Rf3 Ne5 20. Rb1 Qa3 21. Nb5 Qxa4 22. Ra3 Qxe4 23. Nc7 Rac8 24. Nxe6 fxe6 25. Bxh5 gxh5 26. Qxh5 Rf7 27. Rg3+ Rg7 28. Rbb3 Ng6 29. Rbe3 Qf5 30. Rg5 Qf1+ 31. Kh2 Rc5 32. Rxc5 dxc5 33. Rf3 Qc4 0-1

[Event "Poti op 12th"]
[Site "Poti"]
[Date "2017.07.15"]
[Round "2"]
[White "Erdogdu, Mert"]
[Black "Choladze, Mariam"]
[Result "1-0"]
[WhiteElo "2445"]
[BlackElo "2077"]
[PlyCount "69"]
[EventDate "2017.07.14"]
[EventType "swiss"]
[EventRounds "9"]
[EventCountry "GEO"]
[SourceTitle "CBM 179 Extra"]
[Source "ChessBase"]
[SourceDate "2017.08.23"]
[SourceVersion "1"]
[SourceVersionDate "2017.08.23"]
[SourceQuality "1"]

1. e4 c5 2. Nf3 e6 3. d4 cxd4 4. Nxd4 a6 5. Bd3 Qc7 6. Qe2 d6 7. 0-0 Nf6 8. c4 Nc6 9. Nf3 Be7 10. Nc3 0-0 11. Be3 b6 12. Rfc1 Qd8 13. Rd1 Nd7 14. Rac1 Bb7 15. Bb1 Rc8 16. Bf4 e5 17. Be3 Na5 18. b3 Qc7 19. Nd5 Bxd5 20. cxd5 Qa7 21. b4 Nb7 22. Rc6 Rb8 23. Rc7 Rfd8 24. Rdc1 Bf8 25. Ng5 h6 26. Nxf7 Kxf7 27. Qg4 Kg8 28. Rxd7 Rxd7 29. Qxd7 Qa8 30. Bxh6 Nd8 31. Bg5 Nf7 32. h4 Rb7 33. Qe6 a5 34. Rc8 Rb8 35. Rc7 1-0

[Event "Batumi Municipality Cup"]
[Site "Batumi"]
[Date "2017.07.10"]
[Round "9"]
[White "Choladze, Mariam"]
[Black "Arabidze, Meri"]
[Result "1/2-1/2"]
[WhiteElo "2077"]
[BlackElo "2384"]
[PlyCount "48"]
[EventDate "2017.07.02"]
[EventType "swiss"]
[EventRounds "9"]
[EventCountry "GEO"]
[SourceTitle "CBM 179 Extra"]
[Source "ChessBase"]
[SourceDate "2017.08.23"]
[SourceVersion "1"]
[SourceVersionDate "2017.08.23"]
[SourceQuality "1"]

1. e4 c5 2. Nf3 Nc6 3. d4 cxd4 4. Nxd4 g6 5. Nc3 Bg7 6. Be3 Nf6 7. Bc4 0-0 8. Bb3 d6 9. f3 Bd7 10. Qd2 Nxd4 11. Bxd4 b5 12. Nd5 Nxd5 13. Bxg7 Kxg7 14. exd5 a5 15. Qd4+ Kg8 16. a3 Rc8 17. c3 Re8 18. 0-0 Qc7 19. Rfe1 Qc5 20. Rad1 h5 21. Re2 Qxd4+ 22. Rxd4 Kg7 23. Kf2 Kf6 24. h4 Rb8 1/2-1/2

[Event "Batumi Municipality Cup"]
[Site "Batumi"]
[Date "2017.07.07"]
[Round "6"]
[White "Eynullayev, Altay Elshan"]
[Black "Choladze, Mariam"]
[Result "0-1"]
[WhiteElo "2271"]
[BlackElo "2077"]
[PlyCount "35"]
[EventDate "2017.07.02"]
[EventType "swiss"]
[EventRounds "9"]
[EventCountry "GEO"]
[SourceTitle "CBM 179 Extra"]
[Source "ChessBase"]
[SourceDate "2017.08.23"]
[SourceVersion "1"]
[SourceVersionDate "2017.08.23"]
[SourceQuality "1"]

1. e4 c5 2. Nf3 e6 3. b3 b6 4. Bd3 Bb7 5. 0-0 Nc6 6. Re1 Nge7 7. Bb2 Ng6 8. Bf1 e5 9. Nc3 Be7 10. Nd5 0-0 11. c3 Nb8 12. Bc4 d6 13. d4 Nd7 14. Qd2 a6 15. a4 Rb8 16. Qe2 b5 17. axb5 axb5 18. Bxb5 0-1

[Event "Batumi Municipality Cup"]
[Site "Batumi"]
[Date "2017.07.06"]
[Round "5"]
[White "Choladze, Mariam"]
[Black "Vakhania, Alexandra"]
[Result "1-0"]
[WhiteElo "2077"]
[BlackElo "2205"]
[PlyCount "113"]
[EventDate "2017.07.02"]
[EventType "swiss"]
[EventRounds "9"]
[EventCountry "GEO"]
[SourceTitle "CBM 179 Extra"]
[Source "ChessBase"]
[SourceDate "2017.08.23"]
[SourceVersion "1"]
[SourceVersionDate "2017.08.23"]
[SourceQuality "1"]

1. e4 d5 2. exd5 Qxd5 3. Nc3 Qa5 4. d4 Nf6 5. Bd3 c6 6. Nge2 Bf5 7. b4 Qxb4 8. Bxf5 e6 9. Bd3 Qa5 10. Bd2 Qc7 11. Bf4 Qa5 12. 0-0 Nbd7 13. Rb1 b5 14. Ne4 Qxa2 15. N2c3 Qa5 16. Nxf6+ Nxf6 17. Ne4 Nd5 18. Bd6 Bxd6 19. Nxd6+ Ke7 20. Ne4 a6 21. Qg4 Rhg8 22. c4 Nf6 23. Qf4 Rgd8 24. Ra1 Qb6 25. c5 Qb8 26. Nd6 Kf8 27. Be4 Qc7 28. Ra3 a5 29. Rh3 h6 30. g4 a4 31. g5 Ng8 32. Rf3 f6 33. Bh7 hxg5 34. Qxg5 f5 35. Bxg8 Kxg8 36. Rh3 Rxd6 37. cxd6 Qxd6 38. Qh5 Rd8 39. Qh7+ Kf7 40. Rg3 Qxd4 41. Qg6+ Kf8 42. Qxe6 Qd7 43. Qe5 Kg8 44. Re1 b4 45. Qe7 Qxe7 46. Rxe7 a3 47. Rgxg7+ Kh8 48. Rh7+ Kg8 49. Reg7+ Kf8 50. Ra7 Kg8 51. Rhb7 c5 52. Kg2 Rc8 53. h4 c4 54. h5 a2 55. h6 a1Q 56. Rxa1 c3 57. Raa7 1-0

[Event "Wch U20 Girls 34th"]
[Site "Bhubaneswar"]
[Date "2016.08.20"]
[Round "12"]
[White "Choladze, Mariam"]
[Black "Vantika, Agrawal"]
[Result "0-1"]
[WhiteElo "2077"]
[BlackElo "1974"]
[PlyCount "104"]
[EventDate "2016.08.08"]
[EventType "swiss"]
[EventRounds "13"]
[EventCountry "IND"]
[SourceTitle "CBM 173 Extra"]
[Source "ChessBase"]
[SourceDate "2016.08.29"]
[SourceVersion "1"]
[SourceVersionDate "2016.08.29"]
[SourceQuality "1"]

1. e4 c5 2. Nf3 e6 3. d4 cxd4 4. Nxd4 Nc6 5. Nc3 Qc7 6. Be2 a6 7. 0-0 Nf6 8. Be3 Bb4 9. Na4 Be7 10. Nxc6 bxc6 11. Nb6 Rb8 12. Nxc8 Qxc8 13. Bd4 c5 14. Be5 Rb6 15. Qd3 d6 16. Bc3 0-0 17. b3 d5 18. exd5 Nxd5 19. Bd2 Rd6 20. Qf3 Rfd8 21. Bd3 R8d7 22. Rfe1 Nb4 23. Bxb4 cxb4 24. Re4 g6 25. Rae1 Qd8 26. Qg3 Bf6 27. h4 Bc3 28. R1e3 Rd5 29. Rc4 Kg7 30. a4 bxa3 31. Rxc3 a2 32. Re1 Qa5 33. Ra1 Qxc3 34. Rxa2 Ra5 35. Rxa5 Qxa5 36. Qb8 Qe1+ 37. Kh2 Qxf2 38. Qe5+ f6 39. Qxe6 Qxh4+ 40. Kg1 Qd4+ 41. Kh1 a5 42. Qe8 Qa1+ 43. Kh2 Qe5+ 44. Qxe5 fxe5 45. Kg3 Kf6 46. Kf3 Rxd3+ 47. cxd3 h5 48. Ke4 g5 49. d4 exd4 50. Kxd4 g4 51. g3 Kg5 52. Ke3 h4 0-1

[Event "Wch U20 Girls 34th"]
[Site "Bhubaneswar"]
[Date "2016.08.15"]
[Round "8"]
[White "Thomas, Anysia"]
[Black "Choladze, Mariam"]
[Result "1-0"]
[WhiteElo "2049"]
[BlackElo "2077"]
[PlyCount "56"]
[EventDate "2016.08.08"]
[EventType "swiss"]
[EventRounds "13"]
[EventCountry "IND"]
[SourceTitle "CBM 173 Extra"]
[Source "ChessBase"]
[SourceDate "2016.08.29"]
[SourceVersion "1"]
[SourceVersionDate "2016.08.29"]
[SourceQuality "1"]

1. d4 Nf6 2. c4 e6 3. Nf3 d5 4. g3 dxc4 5. Bg2 Bd7 6. Ne5 Nc6 7. Nxc4 Bb4+ 8. Bd2 Qe7 9. 0-0 0-0 10. a3 Bxd2 11. Qxd2 Rad8 12. Nc3 Be8 13. e3 e5 14. d5 b5 15. Qc2 bxc4 16. dxc6 Qe6 17. Qa4 e4 18. Qxa7 Qxc6 19. Qa5 Bd7 20. Ne2 Bg4 21. Nd4 Qb7 22. h3 Bf3 23. Rab1 Bxg2 24. Kxg2 Rd5 25. Qc3 Nd7 26. Qxc4 Ne5 27. Qb3 Qc8 28. Qxd5 Qa8 1-0

[Event "Wch U20 Girls 34th"]
[Site "Bhubaneswar"]
[Date "2016.08.14"]
[Round "7"]
[White "Choladze, Mariam"]
[Black "Mendoza, Shania Mae"]
[Result "0-1"]
[WhiteElo "2077"]
[BlackElo "2191"]
[PlyCount "76"]
[EventDate "2016.08.08"]
[EventType "swiss"]
[EventRounds "13"]
[EventCountry "IND"]
[SourceTitle "CBM 173 Extra"]
[Source "ChessBase"]
[SourceDate "2016.08.29"]
[SourceVersion "1"]
[SourceVersionDate "2016.08.29"]
[SourceQuality "1"]

1. e4 e6 2. d4 d5 3. Nd2 c5 4. exd5 Qxd5 5. Ngf3 cxd4 6. Bc4 Qd6 7. 0-0 Nf6 8. Nb3 Nc6 9. Nbxd4 Nxd4 10. Nxd4 a6 11. c3 Be7 12. Qe2 0-0 13. Bg5 b5 14. Bb3 Bb7 15. Rad1 Qc7 16. Rfe1 Kh8 17. Bc2 Rfd8 18. Qd3 g6 19. Qh3 Rd5 20. Qh4 Ng8 21. Nf3 Rxd1 22. Bxd1 Bxf3 23. Bxf3 Bxg5 24. Qxg5 Rd8 25. h4 Kg7 26. h5 h6 27. Qe3 g5 28. a4 Nf6 29. axb5 axb5 30. Ra1 Rd7 31. Ra8 g4 32. Be2 Rd5 33. f3 Rxh5 34. fxg4 Qh2+ 35. Kf1 Re5 36. Qh3 Qf4+ 37. Qf3 Qc1+ 38. Bd1 Re3 0-1

[Event "Poti Aleksandria Cup 11th"]
[Site "Poti"]
[Date "2016.07.14"]
[Round "2"]
[White "Davtyan, Artur"]
[Black "Choladze, Mariam"]
[Result "1-0"]
[WhiteElo "2217"]
[BlackElo "2092"]
[PlyCount "67"]
[EventDate "2016.07.13"]
[EventType "swiss"]
[EventRounds "9"]
[EventCountry "GEO"]
[SourceTitle "CBM 173 Extra"]
[Source "ChessBase"]
[SourceDate "2016.08.29"]
[SourceVersion "1"]
[SourceVersionDate "2016.08.29"]
[SourceQuality "1"]

1. d4 d5 2. c4 e6 3. Nc3 Bb4 4. Nf3 Nf6 5. Qa4+ Nc6 6. Ne5 Bd7 7. Nxd7 Qxd7 8. e3 Ne4 9. Qc2 0-0-0 10. Bd3 f5 11. 0-0 g6 12. Ne2 Bf8 13. a3 Bh6 14. b4 Rdf8 15. Bb2 g5 16. f3 Nf6 17. b5 Nd8 18. c5 f4 19. c6 bxc6 20. Qa4 cxb5 21. Qxa7 c6 22. Qa8+ Kc7 23. Qa5+ Kb8 24. a4 Nb7 25. Qb4 Qd6 26. Ba3 Qxb4 27. Bxb4 Rf7 28. axb5 cxb5 29. exf4 gxf4 30. Bxb5 Nd7 31. Ra6 Bf8 32. Rb1 e5 33. Bc6 Bg7 34. Bd6+ 1-0

[Event "Batumi Municipality Cup"]
[Site "Batumi"]
[Date "2016.07.06"]
[Round "5"]
[White "Balajayeva, Khanim Asad Qizi"]
[Black "Choladze, Mariam"]
[Result "1-0"]
[WhiteElo "2167"]
[BlackElo "2092"]
[PlyCount "59"]
[EventDate "2016.07.02"]
[EventType "swiss"]
[EventRounds "9"]
[EventCountry "GEO"]
[SourceTitle "EXT 2017"]
[Source "ChessBase"]
[SourceDate "2016.10.25"]
[SourceVersion "1"]
[SourceVersionDate "2016.10.25"]
[SourceQuality "1"]

1. e4 e5 2. Nf3 Nc6 3. Bc4 Nf6 4. d3 Be7 5. 0-0 0-0 6. Re1 d6 7. a4 Na5 8. Ba2 c5 9. Bd2 Nc6 10. Na3 h6 11. Nc4 Re8 12. c3 Bf8 13. Qc2 Be6 14. Qb1 Qc7 15. Ne3 Rad8 16. b4 d5 17. exd5 Nxd5 18. b5 Nb8 19. Nxd5 Bxd5 20. Bxd5 Rxd5 21. d4 cxd4 22. cxd4 Nd7 23. Qb3 Qd6 24. Bf4 Qe6 25. Bxe5 Rxe5 26. Qc3 Re4 27. Rxe4 Qxe4 28. Re1 Qd5 29. Rxe8 Nb6 30. Qc5 1-0

[Event "Batumi Municipality Cup"]
[Site "Batumi"]
[Date "2016.07.02"]
[Round "1"]
[White "Gevorgyan, David"]
[Black "Choladze, Mariam"]
[Result "1-0"]
[WhiteElo "2346"]
[BlackElo "2092"]
[PlyCount "43"]
[EventDate "2016.07.02"]
[EventType "swiss"]
[EventRounds "9"]
[EventCountry "GEO"]
[SourceTitle "EXT 2017"]
[Source "ChessBase"]
[SourceDate "2016.10.25"]
[SourceVersion "1"]
[SourceVersionDate "2016.10.25"]
[SourceQuality "1"]

1. d4 d5 2. c4 e6 3. Nc3 Nf6 4. Bg5 Bb4 5. Qa4+ Nc6 6. e3 h6 7. Bh4 0-0 8. Nf3 g5 9. Bg3 Ne4 10. Qc2 h5 11. Ne5 Nxe5 12. Bxe5 h4 13. f3 Nd6 14. Bd3 Nf5 15. g4 f6 16. gxf5 fxe5 17. dxe5 d4 18. f6 dxc3 19. bxc3 Bc5 20. Rd1 Qe8 21. Bg6 Rf7 22. Rg1 1-0

[Event "Wch U18 Girls"]
[Site "Porto Carras"]
[Date "2015.10.26"]
[Round "2"]
[White "Choladze, Mariam"]
[Black "Derakhshani, Dorsa"]
[Result "0-1"]
[WhiteElo "2095"]
[BlackElo "2356"]
[PlyCount "75"]
[EventDate "2015.10.25"]
[EventType "swiss"]
[EventRounds "11"]
[EventCountry "GRE"]
[SourceTitle "CBM 169 Extra"]
[Source "ChessBase"]
[SourceDate "2015.12.18"]
[SourceVersion "1"]
[SourceVersionDate "2015.12.18"]
[SourceQuality "1"]

1. e4 e5 2. Nf3 Nc6 3. Bb5 d6 4. c3 a6 5. Ba4 Bd7 6. 0-0 g6 7. d4 Bg7 8. Bg5 Nge7 9. dxe5 dxe5 10. Qe2 0-0 11. Rd1 Qe8 12. Nbd2 Nc8 13. Bb3 h6 14. Be3 Qe7 15. Bd5 a5 16. b4 axb4 17. cxb4 Nd4 18. Bxd4 exd4 19. Bxb7 Rb8 20. Bxc8 Rfxc8 21. e5 Rxb4 22. Nc4 c5 23. a3 Rbb8 24. a4 Rb4 25. Nd6 Ra8 26. a5 Ba4 27. Re1 Rxa5 28. Qa2 Qe6 29. Qxe6 fxe6 30. Nd2 Ra8 31. Rac1 Rb2 32. N2c4 Rc2 33. Ne4 Rxc1 34. Rxc1 Bb3 35. f4 Bxc4 36. Rxc4 Bf8 37. Kf2 Ra5 38. Kf3 0-1

[Event "EU-ch U18 Girls 25th"]
[Site "Porec"]
[Date "2015.09.24"]
[Round "4"]
[White "Choladze, Mariam"]
[Black "Mirza, Diana"]
[Result "1/2-1/2"]
[WhiteElo "2007"]
[BlackElo "1898"]
[PlyCount "80"]
[EventDate "2015.09.21"]
[EventType "swiss"]
[EventRounds "9"]
[EventCountry "CRO"]
[SourceTitle "EXT 2016"]
[Source "ChessBase"]
[SourceDate "2015.10.08"]
[SourceVersion "1"]
[SourceVersionDate "2015.10.08"]
[SourceQuality "1"]

1. e4 c5 2. Nf3 e6 3. d4 cxd4 4. Nxd4 Nc6 5. Nc3 Qc7 6. Be2 a6 7. 0-0 Nf6 8. Be3 Bb4 9. Na4 0-0 10. Nxc6 bxc6 11. Nb6 Rb8 12. Nxc8 Qxc8 13. Qd3 d5 14. exd5 cxd5 15. Bd4 a5 16. Be5 Rb6 17. Bxf6 gxf6 18. Qd4 Qd8 19. Rad1 Bd6 20. Bd3 Be5 21. Bxh7+ Kh8 22. Qh4 f5 23. Qh6 Bg7 24. Qh5 Bxb2 25. Bxf5+ Kg7 26. Bh3 Rh8 27. Qg4+ Kf8 28. Rfe1 Rb4 29. Qf3 Qf6 30. Qg3 Qf4 31. Rd3 Qxg3 32. Rxg3 Rhh4 33. Rf3 Rhf4 34. Rb3 a4 35. Rxb4 Rxb4 36. Rb1 a3 37. g3 Rc4 38. c3 Rxc3 39. Bg4 Rc2 40. Bd1 Rd2 1/2-1/2

[Event "EU-ch U18 Girls 25th"]
[Site "Porec"]
[Date "2015.09.22"]
[Round "2"]
[White "Choladze, Mariam"]
[Black "Vidic, Teja"]
[Result "0-1"]
[WhiteElo "2007"]
[BlackElo "2096"]
[PlyCount "170"]
[EventDate "2015.09.21"]
[EventType "swiss"]
[EventRounds "9"]
[EventCountry "CRO"]
[SourceTitle "EXT 2016"]
[Source "ChessBase"]
[SourceDate "2015.10.08"]
[SourceVersion "1"]
[SourceVersionDate "2015.10.08"]
[SourceQuality "1"]

1. e4 e5 2. Nf3 Nc6 3. Bb5 a6 4. Ba4 Nf6 5. 0-0 b5 6. Bb3 Bb7 7. d3 Be7 8. a4 0-0 9. c3 d5 10. exd5 Nxd5 11. Re1 Bf6 12. c4 bxc4 13. Bxc4 Nb6 14. Na3 Qd7 15. Bg5 Nd4 16. Nxd4 Bxg5 17. Nf3 Bf6 18. a5 Nxc4 19. Nxc4 Rfe8 20. Ncxe5 Qd5 21. d4 Rad8 22. Qc2 Re7 23. Ra3 c5 24. Ra4 Rde8 25. Rd1 cxd4 26. Raxd4 Qxa5 27. Ra4 Qb5 28. Ng4 Bxf3 29. Nxf6+ gxf6 30. gxf3 Re1+ 31. Rxe1 Rxe1+ 32. Kg2 Qf1+ 33. Kg3 Qg1+ 34. Kh3 Qf1+ 35. Kg3 h5 36. Qc8+ Kg7 37. Qxa6 Qg1+ 38. Kh3 Qxf2 39. Qb7 Rh1 40. Qb8 Qxf3+ 41. Qg3+ Qxg3+ 42. Kxg3 Kg6 43. Ra5 f5 44. Re5 Rb1 45. Re2 Kg5 46. Rf2 f4+ 47. Kf3 Kf5 48. Re2 Rd1 49. Rc2 Rd3+ 50. Kf2 Kg4 51. Kg2 h4 52. Kf2 Rd1 53. Ke2 Rg1 54. Kf2 Rb1 55. Ke2 h3 56. Rd2 Rg1 57. b4 Rb1 58. Kf2 Rxb4 59. Rd8 Rb2+ 60. Kg1 Rg2+ 61. Kh1 Re2 62. Kg1 Kf3 63. Rd3+ Re3 64. Rd1 Rc3 65. Re1 Rd3 66. Ra1 Ke2 67. Ra2+ Ke3 68. Ra1 f3 69. Re1+ Kf4 70. Rf1 Rd2 71. Ra1 Ke3 72. Ra3+ Ke2 73. Ra1 Rc2 74. Rb1 f5 75. Rf1 Ke3 76. Re1+ Re2 77. Kf1 f4 78. Ra1 Rxh2 79. Ra3+ Ke4 80. Ra4+ Kf5 81. Ra5+ Kg4 82. Ra8 f2 83. Ra3 Rg2 84. Ra8 h2 85. Rg8+ Kf3 0-1

[Event "EU-ch rapid (Women)"]
[Site "Kutaisi"]
[Date "2015.06.03"]
[Round "10"]
[White "Arakhamia Grant, Ketevan"]
[Black "Choladze, Mariam"]
[Result "1/2-1/2"]
[WhiteElo "2393"]
[BlackElo "1989"]
[PlyCount "108"]
[EventDate "2015.06.01"]
[EventType "swiss (rapid)"]
[EventRounds "11"]
[EventCountry "GEO"]
[SourceTitle "CBM 166 Extra"]
[Source "ChessBase"]
[SourceDate "2015.06.18"]
[SourceVersion "1"]
[SourceVersionDate "2015.06.18"]
[SourceQuality "1"]

1. e4 c5 2. Nf3 e6 3. d4 cxd4 4. Nxd4 a6 5. Bd3 Qc7 6. Qe2 d6 7. c4 Nf6 8. Nc3 g6 9. 0-0 Bg7 10. Rd1 0-0 11. Bg5 Nfd7 12. Nf3 Nc6 13. Rac1 Bxc3 14. Rxc3 f6 15. Bh6 Re8 16. Bb1 Nc5 17. Qd2 Rd8 18. Rcc1 a5 19. Qc3 e5 20. Be3 Bg4 21. Rd5 Be6 22. Bxc5 dxc5 23. Rxc5 Qd6 24. Rb5 Qd1+ 25. Qe1 Qxe1+ 26. Rxe1 Rd7 27. b3 Rad8 28. h3 a4 29. Bc2 axb3 30. Bxb3 Rc7 31. c5 Kf7 32. Rc1 Nd4 33. Nxd4 exd4 34. f3 Ke7 35. Kf2 Bd7 36. Rb4 Bc6 37. Rd1 Rcd7 38. Ke2 f5 39. exf5 gxf5 40. Kd3 Kf6 41. Re1 Bd5 42. Rb6+ Kg5 43. Bxd5 Rxd5 44. g3 Rxc5 45. f4+ Kh5 46. Ree6 Rc3+ 47. Kd2 Rc6 48. Rbxc6 bxc6 49. Rxc6 Ra8 50. Rc5 Rxa2+ 51. Kd3 Ra3+ 52. Kxd4 Rxg3 53. Rxf5+ Kg6 54. Ra5 Rxh3 1/2-1/2

[Event "EU-ch rapid (Women)"]
[Site "Kutaisi"]
[Date "2015.06.01"]
[Round "4"]
[White "Schleining, Zoya"]
[Black "Choladze, Mariam"]
[Result "0-1"]
[WhiteElo "2375"]
[BlackElo "1989"]
[PlyCount "80"]
[EventDate "2015.06.01"]
[EventType "swiss (rapid)"]
[EventRounds "11"]
[EventCountry "GEO"]
[SourceTitle "CBM 166 Extra"]
[Source "ChessBase"]
[SourceDate "2015.06.18"]
[SourceVersion "1"]
[SourceVersionDate "2015.06.18"]
[SourceQuality "1"]

1. Nf3 Nf6 2. c4 b6 3. g3 Bb7 4. Bg2 c5 5. 0-0 g6 6. Nc3 Bg7 7. d4 cxd4 8. Qxd4 d6 9. Rd1 Nbd7 10. Qe3 0-0 11. b3 Ng4 12. Qd2 Nc5 13. Bb2 Nxf2 14. Kxf2 Bxc3 15. Qc2 Ne4+ 16. Kg1 Bxb2 17. Qxb2 Qc7 18. Qd4 e5 19. Qe3 f5 20. Nd2 Nxd2 21. Bxb7 Qxb7 22. Qxd2 Rf6 23. Qd5+ Qxd5 24. cxd5 f4 25. Rac1 Raf8 26. Rc6 Kg7 27. gxf4 exf4 28. Rdc1 g5 29. Rc7+ R8f7 30. Rc8 Kg6 31. Re8 Kf5 32. Rcc8 Kg4 33. Kg2 Rf5 34. h3+ Kh4 35. Re6 h5 36. Rxd6 f3+ 37. exf3 Rxf3 38. Rc4+ g4 39. hxg4 Rf2+ 40. Kg1 Rf1+ 0-1

[Event "EU-ch (Women) 16th"]
[Site "Chakvi"]
[Date "2015.05.22"]
[Round "4"]
[White "Choladze, Mariam"]
[Black "Petrenko, Svetlana"]
[Result "0-1"]
[WhiteElo "1989"]
[BlackElo "2207"]
[PlyCount "80"]
[EventDate "2015.05.19"]
[EventType "swiss"]
[EventRounds "11"]
[EventCountry "GEO"]
[SourceTitle "CBM 166 Extra"]
[Source "ChessBase"]
[SourceDate "2015.06.18"]
[SourceVersion "1"]
[SourceVersionDate "2015.06.18"]
[SourceQuality "1"]

1. e4 g6 2. d4 Bg7 3. Nc3 c6 4. f4 d5 5. e5 Nh6 6. Nf3 0-0 7. Be3 b5 8. Bd3 a5 9. h3 f5 10. exf6 exf6 11. 0-0 Na6 12. a4 b4 13. Ne2 Nf5 14. Bxf5 Bxf5 15. Ng3 Be4 16. f5 Re8 17. Qd2 Qd6 18. Bf4 Qd7 19. fxg6 hxg6 20. Nh2 f5 21. Nf3 Bxf3 22. Rxf3 c5 23. Be5 Bxe5 24. dxe5 Rxe5 25. h4 Nc7 26. h5 Ne6 27. hxg6 Nd4 28. Rd3 Ra6 29. Qg5 Qe7 30. Qh5 f4 31. Qh7+ Qxh7 32. gxh7+ Kxh7 33. Nf1 Rg6 34. c3 Nc2 35. Rad1 d4 36. cxd4 Nxd4 37. R1d2 f3 38. Ne3 Rge6 39. Ng4 Re1+ 40. Kh2 R6e2 0-1